000 00674nam a22002177a 4500
003 UA-OsUOA
001 121400
007 ta
008 20170320b un ||||| |||| 00| 0 ukr d
100 _aШтань М.
090 _a330(477)
_bШ87
942 _cSA
040 _aUA-OsUOA
_bukr
_cUA-OsUOA
_dUA-OsUOA
245 _aПерспективи формування інвестиційної моделі економічного зростання в Україні
300 _aС.63-74
955 _a0
041 _aukr
080 _a330(477)
773 0 _w121395
_tБанківська справа
_dК.
_d2017
_g1
650 7 _a330 Економіка взагалі
_2UDC
999 _c407616
_d407616